000 00464 a2200157 4500
003 OSt
005 20240905102649.0
008 231019b |||||||| |||| 00| 0 eng d
040 _coclc
082 _a920
_bMIS/H
100 _aMisrie, Muhammed Nabhan
_910488
245 _aHUSNUL JALA /
_cMuhammed Nabhan Ibn Husain Misrie
260 _aSaudi:
_bAl-Mamlaka Library,
_c2011.
300 _a215p. ;
942 _2ddc
_cBK
_h920
_k920
_iMIS/H
_mMIS/H
999 _c42644
_d42644